Estimada Baix a Mar (de) Vilanova i la Geltrú /
ISBN:
9788417756994
Descripción Física:
154 pàgines ; il·lustracions color ; 21 x 30 cm
Otros Autores:
Gilbert, Trinitat, 1974-
Idioma:
Catalán , Español , English
MARC
| LEADER | 00000nam a22000007a 4500 | ||
|---|---|---|---|
| 001 | 25172 | ||
| 003 | Arxiu | ||
| 005 | 20260324180726.0 | ||
| 008 | 220222b spa||||| |||| 00| 0 cat d | ||
| 017 | |a B 18559-2020 | ||
| 020 | |a 9788417756994 | ||
| 041 | |a cat |a spa |a eng | ||
| 100 | |9 52529 |a Parés Fernández, Núria | ||
| 245 | |a Estimada Baix a Mar (de) Vilanova i la Geltrú / |c textos i il·lustracions, Núria Parés Fernández ; pròleg, Trinitat Gilbert | ||
| 260 | |a Vilanova i la Geltrú : |b El Cep i la Nansa ; |c 2020 | ||
| 300 | |a 154 pàgines ; |b il·lustracions color ; |c 21 x 30 cm | ||
| 504 | |a Bibliografia a la pàgina 153 | ||
| 546 | |a Textos traduïts a l'anglès i al castellà, a partir de la pàgina 133 | ||
| 650 | 0 | |9 52528 |a Llibres il·lustrats |z Vilanova i la Geltrú (Catalunya) | |
| 700 | |9 52530 |a Gilbert, Trinitat, |d 1974- |e pròleg | ||
| 942 | |2 udc |n 1 |c ARXIU | ||
| 952 | |0 0 |1 0 |4 0 |6 BIB444 |7 1 |9 61017 |a Arxiu |b Arxiu |d 2022-02-22 |l 0 |o Bib-444 |p 25172 |r 2022-02-22 00:00:00 |w 2022-02-22 |y ARXIU | ||
| 999 | |c 81141 |d 81141 | ||